My hairiest adventure / (Record no. 328555)
[ view plain ]
| 000 -LEADER | |
|---|---|
| fixed length control field | 00979cam a22003133a 4500 |
| 001 - CONTROL NUMBER | |
| control field | 13315503 |
| 003 - CONTROL NUMBER IDENTIFIER | |
| control field | Nust |
| 005 - DATE AND TIME OF LATEST TRANSACTION | |
| control field | 20170412100227.0 |
| 008 - FIXED-LENGTH DATA ELEMENTS--GENERAL INFORMATION | |
| fixed length control field | 941118s1994 nyu j 000 1 eng d |
| 010 ## - LIBRARY OF CONGRESS CONTROL NUMBER | |
| LC control number | 2003586886 |
| 020 ## - INTERNATIONAL STANDARD BOOK NUMBER | |
| International Standard Book Number | 9780439863940 |
| 035 ## - SYSTEM CONTROL NUMBER | |
| System control number | (OCoLC)ocm31489154 |
| 040 ## - CATALOGING SOURCE | |
| Original cataloging agency | SCR |
| Transcribing agency | SCR |
| Modifying agency | SLC |
| -- | OCLCQ |
| -- | DLC |
| 042 ## - AUTHENTICATION CODE | |
| Authentication code | lccopycat |
| 050 00 - LIBRARY OF CONGRESS CALL NUMBER | |
| Classification number | CPB Box no. 2029 vol. 10 |
| 082 ## - DEWEY DECIMAL CLASSIFICATION NUMBER | |
| Classification number | 823 |
| Author Mark | STI |
| 100 1# - MAIN ENTRY--PERSONAL NAME | |
| Personal name | Stine, R. L. |
| 245 10 - TITLE STATEMENT | |
| Title | My hairiest adventure / |
| Statement of responsibility, etc. | R.L. Stine. |
| 260 ## - PUBLICATION, DISTRIBUTION, ETC. | |
| Place of publication, distribution, etc. | New York : |
| Name of publisher, distributor, etc. | Scholastic Inc., |
| Date of publication, distribution, etc. | 1994. |
| 300 ## - PHYSICAL DESCRIPTION | |
| Extent | 122 p. ; |
| Dimensions | 20 cm. |
| 490 1# - SERIES STATEMENT | |
| Series statement | Goosebumps ; |
| Volume/sequential designation | #26 |
| 500 ## - GENERAL NOTE | |
| General note | "An Apple paperback." |
| 500 ## - GENERAL NOTE | |
| General note | "A Parachute Press book." |
| 521 0# - TARGET AUDIENCE NOTE | |
| Target audience note | 4. |
| 521 1# - TARGET AUDIENCE NOTE | |
| Target audience note | 008-012. |
| 655 #7 - INDEX TERM--GENRE/FORM | |
| Genre/form data or focus term | Horror fiction. |
| Source of term | gsafd |
| 655 #7 - INDEX TERM--GENRE/FORM | |
| Genre/form data or focus term | Fantasy fiction. |
| Source of term | gsafd |
| 710 2# - ADDED ENTRY--CORPORATE NAME | |
| Corporate name or jurisdiction name as entry element | Copyright Paperback Collection (Library of Congress) |
| Institution to which field applies | DLC |
| 800 1# - SERIES ADDED ENTRY--PERSONAL NAME | |
| Personal name | Stine, R. L. |
| Title of a work | Goosebumps ; |
| Volume/sequential designation | #26. |
| 906 ## - LOCAL DATA ELEMENT F, LDF (RLIN) | |
| a | 7 |
| b | cbc |
| c | copycat |
| d | 2 |
| e | ncip |
| f | 20 |
| g | y-genrareb |
| 942 ## - ADDED ENTRY ELEMENTS (KOHA) | |
| Source of classification or shelving scheme | |
| Koha item type | Book |
| Withdrawn status | Lost status | Source of classification or shelving scheme | Damaged status | Not for loan | Permanent Location | Current Location | Shelving location | Date acquired | Total Checkouts | Full call number | Barcode | Date last seen | Copy number | Price effective from | Koha item type |
|---|---|---|---|---|---|---|---|---|---|---|---|---|---|---|---|
| Central Library (CL) | Central Library (CL) | Fiction | 04/12/2017 | 813.54 STI | CL2612 | 10/08/2021 | 1 | 04/12/2017 | Book |
